Palloni d'Oro portoghesi - Statistics

Statistiche generali
  • Questo quiz è stato fatto 28 volte
  • Il punteggio medio è 7 su 7
Statistiche sulle risposte
Edizione Squadra Calciatore % Corretto
2000 Barcellona / Real Madrid Luís Figo
100%
2008 Manchester United Cristiano Ronaldo
96%
2013 Real Madrid Cristiano Ronaldo
96%
2014 Real Madrid Cristiano Ronaldo
96%
2016 Real Madrid Cristiano Ronaldo
96%
2017 Real Madrid Cristiano Ronaldo
96%
1965 Benfica Eusébio
83%
Nessun quiz corrispondente trovato
Distribuzione punteggi
Percentuale di utenti per punteggio
Percentile per numero di risposta
I tuoi punteggi nel tempo
Non hai fatto questo quiz